000 00476nam a2200181Ia 4500
003 GCL
008 140319s9999 xx 000 0 eng d
040 _aGCL /
_cGCL
082 0 4 _a944
_bP S
100 1 _aPEAN, PIERRE
245 1 0 _aSECRET D'ETAT: LA FRANCE DU SECRET LES SECRETS DE LA FRANCE /
_cPEAN, PIERRE
260 _a[S.N] :
_bFAYARD ،
_c1986
300 _a365 P
650 0 4 _aFRANCE - HISTORY
650 0 4 _aHISTORY
650 0 4 _aFRENCH HISTORY
942 _2ddc
_cBK
999 _c24953
_d24953